000 01314cam a22003737a 4500
003 CHAP
005 20220817043216.0
008 971013s1989 r 00010 d
010 _a68624
011 _a69596
035 _a79073
040 _cCHAP
090 _aTesis
100 0 0 _aBenedicto Valdés, Gerardo Sergio.
_911553
245 0 _aModificación de algunas condiciones físicas, químicas y de la actividad biológica del suelo por la incorporación de estiercoles
260 _aMontecillo, Méx. :
_bEl autor,
_c1989
300 _a110 h.
502 _aTesis (Maestro en Ciencias Esp. en Edafología) -- CP. Centro de Edafología
590 _aALEPH
_b10
_c20130110
_lUCH01
_h1405
590 _aBATCH-UPD
_b10
_c20130110
_lUCH01
_h1527
590 _aBATCH-UPD
_b10
_c20130410
_lUCH01
_h0936
590 _aBATCH-UPD
_b10
_c20130914
_lUCH01
_h1326
590 _aCONVERSION
_b10
_c20130109
_lUCH01
_h1338
650 1 4 _aAbonos
_xEfecto en suelos.
650 1 4 _aEstiércol.
_938313
650 1 4 _aSuelos
_xBiología.
_9110219
650 1 4 _aSuelos
_xFísica de.
_9110373
650 1 4 _aSuelos
_xMateria orgánica.
_9110429
650 1 4 _aSuelos
_xQuímica de.
_9110470
901 _aBK
942 _cFOLL
949 _bBC
_cTES
_d-31952
_eTS1
_h21683
_i79073
_si
949 _bBC
_cTES
_d-95791
_eTS2
_fc.2
_h21684
_i79073
_si
999 _c68624
_d68624